The Caregiver''s Companion : Reading and Professional Resources to accompany

محفوظ في:
التفاصيل البيبلوغرافية
المؤلف الرئيسي:  Gonzalez-Mena, Janet
التنسيق: Sách
اللغة:Undetermined
منشور في:  McGraw Hill Higher Education  2009
الموضوعات:
الوسوم: إضافة وسم
لا توجد وسوم, كن أول من يضع وسما على هذه التسجيلة!
Thư viện lưu trữ: Trung tâm Thư viện - Trường Đại học Công nghiệp TP. Hồ Chí Minh
LEADER 00548nam a2200157Ia 4500
001 UIH_05178
008 231011s9999 xx 000 0 und d
082 |a  372.2 
100 |a  Gonzalez-Mena, Janet 
245 0 |a  The Caregiver''s Companion : Reading and Professional Resources to accompany 
245 0 |c  Gonzalez-Mena, Janet 
260 |b  McGraw Hill Higher Education 
260 |c  2009 
650 |a  Giáo dục mầm non;  
927 |a Sách 
980 |a Trung tâm Thư viện - Trường Đại học Công nghiệp TP. Hồ Chí Minh